| 000 | 01490nam a2200325 4500 | ||
|---|---|---|---|
| 001 | 186 | ||
| 003 | OSt | ||
| 005 | 20250528074014.0 | ||
| 008 | 250131b |||||||e |||| 00| 1 eng d | ||
| 020 | _a9788565530385 | ||
| 040 | _bpor | ||
| 041 |
_heng _apor |
||
| 082 |
_a813 _bD273p |
||
| 100 | 1 |
_aDay, Sylvia _d1973- _9345 |
|
| 240 | _aEntwined with you | ||
| 245 |
_aPara sempre sua / _cDay, Sylvia ; Tradução de Alexandre Boide |
||
| 260 |
_aSão Paulo _bParalela _c2013 |
||
| 300 | _a361 p. | ||
| 490 | 1 |
_aCrossfire _vLivro 03 |
|
| 500 | _aPara sempre sua Sequência de : Profundamente sua | ||
| 520 | _a"A partir do momento que conheci Gideon Cross, senti nele algo que eu precisava. Algo ao qual eu não podia resistir. Vi a perigosa e descuidada alma dentro dele – tão parecida com a minha. Estava atraída por ele. Precisava dele assim como precisava de meu coração batendo. Ninguém sabe o quanto ele se arriscou por mim. Como eu tinha sido ameaçada ou somente a quão escura e desesperadora a sombra de nosso passado se tornaria. Envolvidos pelos nossos segredos, tentamos desafiar as evidências. Fizemos nossas próprias regras e nos rendemos completamente ao sensual poder de ser possuído..." | ||
| 650 | 0 |
_aLiteratura Americana _984 |
|
| 650 | 0 |
_aAmor e Paixão _925 |
|
| 650 | 0 |
_aErótico _9305 |
|
| 655 | 0 |
_aRomance _923 |
|
| 655 | 0 |
_aFicção _922 |
|
| 700 |
_aAlexandre Boidi _eTradutor _9248 |
||
| 830 |
_aCrossfire _vLivro 03 _9346 |
||
| 942 |
_2ddc _n0 _cBK |
||
| 999 |
_c186 _d186 |
||